000 01019nam0a2200289 4500
001 RU\NLR\bibl\465501
005 20250623185014.0
021 _aRU
_b2003-55722
_92710
035 _a(NLR Aleph) 000458845
090 _a920852
_c920852
100 _a20031127d2003 |||y0rusy50 ca
101 0 _arus
102 _aRU
105 _aac |||||||||
200 1 _aПрофиль здоровья города Чебоксары
210 _aЧебоксары
_cРуссика
_d2003
215 _a55 с.
_cцв. ил., портр.
_d24
606 0 _aЗдоровье
_yЧебоксары, город (Чувашия)
_92313997
_3RU\NLR\auth\661384740
607 _aЧебоксары, город (Чувашия)
_xНародное хозяйство
_92314133
_3RU\NLR\auth\661384810
686 _aР121.1(2Р351-6Чу)
686 _aУ03(2Р-6Чу-2)
801 0 _aRU
_bNLR
_c20031127
_gPSBO
801 1 _aRU
_bNLR
_c20031127
942 _cBOOK
980 _aNB
980 _aNBR